00724nam a2200229 i 4500001000300000003000400003005001700007008003900024015001700063040001400080080001000094080001200104100003200116245004000148260005500188300005200243504002200295655003000317650001000347710004100357856009600398bgBPK20211026151601.0020718s1978 pl a f f |001 0 pol aPB 1978/9929 aWA NcBPK a621.6 a(075.8)1 aStępniewski, Mieczysław.10aPompy /cMieczysław Stępniewski. aWarszawa :bWydawnictwa Naukowo-Techniczne,c1978. a559, [1] s. :bil., tab., wykr., err. ;c25 cm. aBibliogr. Indeks. 4aPodręczniki akademickie 4aPompy2 aWydawnictwa Naukowo-Techniczne4pbl. uhttp://koha.tu.koszalin.pl/cgi-bin/koha/opac-detail.pl?biblionumber=715yKatalog online BPK